Fnaf characters - Statistics

General Stats
  • This quiz has been taken 35 times
  • The average score is 22 of 23
Answer Stats
Picture Answer % Correct
Bonnie
100%
Foxy
100%
Freddy
100%
Golden Freddy
100%
Chica
97%
Puppet
97%
Toy Bonnie
97%
Toy Chica
97%
Toy Freddy
97%
Balloon Boy
93%
Mangle
93%
Phantom Balloon Boy
93%
Phantom Chica
93%
Phantom Foxy
93%
Phantom Freddy
93%
Springtrap
93%
Phantom Mangle
90%
Phantom Puppet
90%
Withered Bonnie
90%
Withered Chica
90%
Withered Foxy
90%
Withered Freddy
90%
Withered Golden Freddy
90%
No matching quizzes found
Score Distribution
Percent of People with Each Score
Percentile by Number Answered
Your Score History
You have not taken this quiz